000 00767nam a22001937a 4500
999 _c174302
_d174302
005 20200603114610.0
010 _aUR-10773
020 _c60.00
_a9789389002935
035 _aU-9328
037 _bDBAD/PUB
_a-
082 _a840.08
100 _aمر تبہ:منا ظر عا شق ہر گا نو ی
245 _aمر ز ا محمد ر فيع سو د ا :بچو ں کے شا عر
_cمر تبہ:منا ظر عا شق ہر گا نو ی
246 _bMirza Mohd. Rafi Sauda: Bachchon Ke Shair (Urdu)
_aby Manazir Ashiq Harganvi
260 _aDelhi
_bEducational Publishing House
_c2019 ء
270 _a3191,Vakil Street,Kucha Pandit Lal Kuan,
_bDelhi
_e110006
_k23216162
_l-
300 _a48 ص
_c22 Cm(Hb)
942 _2ddc
_cUR
_h840.08
_mم ح م